"This is Special Hunour"
| Titel: | "This is Special Hunour" : Visual Narratives of Polish Masculinities on London's Building Sites |
|---|---|
| Verfasser: | |
| In: |
Polish migration to the UK in the 'new' European Union, (2009), Seite 189-210, Abb. alle Artikel anzeigen |
| Veröffentlicht: | 2009 |
| Format: | Aufsatz |
| Sprache: | Englisch |
X
alg: 39257569
001A $01999:11-11-16
001B $01999:27-04-21 $t20:50:08.000
001D $01999:11-11-16
001U $0utf8
001X $00
002@ $0Aox
003@ $0392575698
007A $0392575698 $aHEB
007T $0Herdc0069242m
010@ $aeng
011@ $a2009
021A $a"This is Special Hunour" $dVisual Narratives of Polish Masculinities on London's Building Sites
028A $aDatta $dAyona
031A $h189-210, Abb. $j2009
039B $aIn $8--Aau--. Polish migration to the UK in the 'new' European Union. - Farnham {[u.a.] : Ashgate, c 2009. - XVIII, 241 S.. - Ill., graph. Darst.. - ISBN 978-0-7546-7387-3 $x200900000000000811 $9212964321
045F $a304.609438 $eDDC23BSB
045F/01 $a304.609
045F/03 $g438
lok: 39257569 78
exp: 39257569 78 1 #EPN
201B/01 $020-09-18 $t22:59:48.000
201U/01 $0utf8
203@/01 $0788673785
208@/01 $a11-11-16 $be
209A/01 $a/ $f000 $x00
220C/01 $aTitelaufnehmer: gk;tn
220C/01 $aHerkunft: HI Marburg
244Z/01 $2Trx $#Poola $#Lenkija $#Polija $#Polen Land $#Poland $#Lengyelország $#Poľsko $#Polsko $8--Trx--Polska$gkraj $x01 $9391345966
244Z/01 $#Londinium $#Londyn $#Landan $#Lundun $#Augusta Trinobantum $#Londres $#Londra $#Londen $#London Great Britain $#Londinum $#Lundonia $#Westminster $#Londinium $74074335-4 $8--Tgz--London $x02 $9085209341
244Z/01 $aGeschichte 2004-2008 $x03
244Z/01 $2Trx $#poolakad $#lenkai $#Poles population $#lengyelek nép $#Polacy $#Poliaci $#Poláci $#Lachen $#Lachowie $8--Trx--Polen$gVolk $x04 $9391382934
244Z/01 $2Trx $#tööjõu sisseränne $#ekonominė migracija $#labour migrations $#munka miatti költözések $#migracje zarobkowe $#migrácia za prácou $#migrace za prací $#Sachsengängerei $#"saksy" XVIII-XIX w. $8--Trx--Arbeitsmigrationen $x05 $9391366904
244Z/01 $2Trx $#töölised $#darbininkai $#workers $#munkás $#robotnicy $#robotníci $#dělníci $8--Trx--Arbeiter $x06 $9391380001
244Z/01 $2Trx $#ehitusasjandus $#statybos $#construction $#építésügy $#budownictwo ogólnie $#stavebníctvo $#stavebnictví $8--Trx--Bauwesen $x07 $9391360922
244Z/01 $2Trx $#sugukonnaajalugu juhtumi uurimised $#lyčių istorija case studies $#gender history case studies $#nemek története esettanulmányok $#gender studies $#dejiny pohlaví biografie $#dějiny pohlaví biografie $#gender studies $#Frauen $#kobiety $#dejiny žien $#dějiny žen $#ženy $8--Trx--Geschlechtergeschichte$gFallstudien $x08 $9391357239
244Z/01 $2Trx $#suhted, Inglise-Poola $#santykiai, anglų ir lenkų $#relations, British-Polish $#kapcsolatok, brit-lengyel $#stosunki brytyjsko-polskie $#vzťahy britsko-poľské $#vztahy britsko-polské $8--Trx--Beziehungen, britisch-polnische $x09 $9391369555
244Z/01 $2Trx $8--Trx--Einzelbeiträge $x10 $9391384570
245Z/01 $a08.03 $x01
247C/01 $82080>Marburg/Lahn, Herder-Institut, Forschungsbibliothek, Bibliographieportal $9336309341
| LEADER | 00000caa a22000002c 4500 | ||
|---|---|---|---|
| 001 | 392575698 | ||
| 003 | DE-603 | ||
| 005 | 20210427205008.0 | ||
| 007 | tu | ||
| 008 | 161111s2009 xx |||| | u00||u|eng c | ||
| 035 | |a (DE-599)HEB392575698 | ||
| 040 | |a DE-603 |b ger |c DE-603 |d DE-603 | ||
| 041 | |a eng | ||
| 082 | 0 | 4 | |8 1\u |a 304.609438 |q DE-101 |2 23/BSB |
| 085 | |8 1\u |b 304.609 | ||
| 085 | |8 1\u |z 2 |s 438 | ||
| 100 | 1 | |a Datta, Ayona | |
| 245 | 0 | 0 | |a "This is Special Hunour" |b Visual Narratives of Polish Masculinities on London's Building Sites |
| 264 | 0 | |c 2009 | |
| 773 | 0 | 8 | |i In |t Polish migration to the UK in the 'new' European Union |d Farnham [u.a.] : Ashgate, c 2009 |h XVIII, 241 S., Ill., graph. Darst. |z 9780754673873 |g (2009), Seite 189-210, Abb. |w (DE-603)212964321 |
| 924 | 0 | |9 2080 |a (DE-603)788673785 |b DE-2080 |c HES |d d |g / | |


